Quick Pick: Mystery Novel By Plot Quiz Stats

 Plays Quiz Updated Mar 16, 2019

Score 0/10 Timer 01:30
3 Plays Today
% Correct
And Then There Were None
91.7%
The Silence of the Lambs
88.9%
The Maltese Falcon
87.5%
The Girl with the Dragon Tattoo
85.9%
The Hound of the Baskervilles
84.2%
Gone Girl
83.8%
The No. 1 Ladies' Detective Agency
81.9%
Strangers on a Train
81.5%
The Name of the Rose
77.8%
Mystic River
68.9%

Today's Daily Dose

You're not logged in!

Compare scores with friends on all Sporcle quizzes.
OR
Log In

Sporcle TV

Today on Sporcle TV


Watch our educational content, quiz creation guides, and fun videos on Sporcle TV.

Show Comments

Extras

Top Quizzes Today


Score Distribution

Your Account Isn't Verified!

In order to create a playlist on Sporcle, you need to verify the email address you used during registration. Go to your Sporcle Settings to finish the process.

Report this User

Report this user for behavior that violates our Community Guidelines.

Details: